Site details
This book illustrates site construction details in a consistent and uniform drawing format of line types and lettering styles. This concepts is to provide the user with a unified system of hundreds of construction details. These construction details cover a wide range of topics for site planning, en...
Kaydedildi:
| Yazar: | |
|---|---|
| Materyal Türü: | Kitap |
| Dil: | Undetermined |
| Baskı/Yayın Bilgisi: |
New York
Van Nostrand Reinhold
1989
|
| Konular: | |
| Etiketler: |
Etiketle
Etiket eklenmemiş, İlk siz ekleyin!
|
| Thư viện lưu trữ: | Trung tâm Học liệu Trường Đại học Cần Thơ |
|---|
| LEADER | 00979nam a2200217Ia 4500 | ||
|---|---|---|---|
| 001 | CTU_30771 | ||
| 008 | 210402s9999 xx 000 0 und d | ||
| 020 | |b 665.000đ | ||
| 082 | |a 720.2840285 | ||
| 082 | |b J31 | ||
| 100 | |a Jameson, Gregory W | ||
| 245 | 0 | |a Site details | |
| 245 | 0 | |c Gregory W Jameson, Michael A Versen | |
| 260 | |a New York | ||
| 260 | |b Van Nostrand Reinhold | ||
| 260 | |c 1989 | ||
| 520 | |a This book illustrates site construction details in a consistent and uniform drawing format of line types and lettering styles. This concepts is to provide the user with a unified system of hundreds of construction details. These construction details cover a wide range of topics for site planning, engineering and landscape architectural design | ||
| 650 | |a architecture,building sites,computer | ||
| 650 | |x details,data processing,planning,data processing,aided design | ||
| 904 | |i Minh, 990528 | ||
| 980 | |a Trung tâm Học liệu Trường Đại học Cần Thơ | ||